000
00316nam a2200109Ia 4500
008
200302s9999 xx 000 0 und d
100
_a
Inura
245
_a
The contested Metropolis Six Cities at the Beginning of the 21st Century
260
_b
Birkhauser Publisher for Architecture
260
_c
2004
300
_a
301 P.,
999
_c
5416
_d
5416